000
00244nam a2200097Ia 4500
005
20251222114350.0
008
251222s1900||||xx |||||||||||||| ||spa||
082
_a
DVD0060/G74/2005
245
0
_a
El sol de cada maƱana :The weather man
942
_c
DVD
999
_c
1223
_d
1223